[Event "Titled Tuesday intern op 16th Apr Early"]
[Site "Chess.com INT"]
[Date "2024.04.16"]
[Round "4"]
[White "Grot, Blazej"]
[Black "Fromm, Marius"]
[Result "0-1"]
[WhiteElo "2046"]
[BlackElo "2454"]
[PlyCount "90"]
[EventDate "2024.04.16"]
[EventType "swiss (blitz)"]
[EventRounds "11"]
[EventCountry "USA"]
[SourceTitle "CB17_2024"]
[SourceDate "2024.04.24"]
[SourceVersion "1"]
[SourceVersionDate "2024.04.24"]
[SourceQuality "1"]

1. e4 e5 2. Nf3 Nc6 3. c3 d5 4. Qa4 f6 5. d3 Nge7 6. Nbd2 Bd7 7. Qc2 Be6 8. Be2 Ng6 9. Nf1 a5 10. a4 Bc5 11. Be3 Bxe3 12. fxe3 dxe4 13. dxe4 Qe7 14. Ng3 Qc5 15. Qc1 0-0 16. 0-0 Nf4 17. Rf2 Nxe2+ 18. Rxe2 Rfd8 19. Nh4 Rd3 20. Nhf5 Rad8 21. Qe1 g6 22. Nh4 Bb3 23. Qf2 Kg7 24. Rf1 Qf8 25. Nf3 Bxa4 26. h4 h5 27. Ne1 Rd1 28. Qf3 Bb5 29. Ref2 Bxf1 30. Rxf1 a4 31. Ne2 Na5 32. g4 Nc4 33. gxh5 Nd2 34. Qg4 Nxf1 35. Qxg6+ Kh8 36. Kxf1 Qg7 37. Ng3 Rg8 38. Qxg7+ Rxg7 39. Nf5 Rg4 40. Ke2 Rb1 41. Nf3 Rxb2+ 42. Kd3 a3 43. h6 a2 44. h5 a1Q 45. N3h4 Qf1# 0-1

[Event "Titled Tuesday intern op 16th Apr Early"]
[Site "Chess.com INT"]
[Date "2024.04.16"]
[Round "8"]
[White "Grot, Blazej"]
[Black "Modric, Nesa"]
[Result "1-0"]
[WhiteElo "2046"]
[BlackElo "2128"]
[PlyCount "63"]
[EventDate "2024.04.16"]
[EventType "swiss (blitz)"]
[EventRounds "11"]
[EventCountry "USA"]
[SourceTitle "CB17_2024"]
[SourceDate "2024.04.24"]
[SourceVersion "1"]
[SourceVersionDate "2024.04.24"]
[SourceQuality "1"]

1. e4 d5 2. exd5 Qxd5 3. Nc3 Qa5 4. Nf3 c6 5. d3 Nf6 6. Bd2 Qc7 7. Be2 Bg4 8. h3 Bh5 9. Be3 e6 10. Qd2 Nbd7 11. Bf4 Bd6 12. Bxd6 Qxd6 13. Ng5 Bxe2 14. Qxe2 h6 15. Nge4 Nxe4 16. dxe4 e5 17. 0-0 0-0 18. Rad1 Qe6 19. Qe3 Nf6 20. a4 b6 21. b3 Rad8 22. Ne2 Qe7 23. Ng3 Rxd1 24. Rxd1 Rd8 25. Rd3 Rxd3 26. Qxd3 Qd7 27. Qc3 Qe8 28. f3 c5 29. Nf5 Kh7 30. Qd3 g6 31. Ne3 Qe7 32. Qc4 1-0

[Event "Titled Tuesday intern op 16th Apr Early"]
[Site "Chess.com INT"]
[Date "2024.04.16"]
[Round "2"]
[White "Grot, Blazej"]
[Black "Papasimakopoulos, Alexandros"]
[Result "0-1"]
[WhiteElo "2046"]
[BlackElo "2402"]
[PlyCount "58"]
[EventDate "2024.04.16"]
[EventType "swiss (blitz)"]
[EventRounds "11"]
[EventCountry "USA"]
[SourceTitle "CB17_2024"]
[SourceDate "2024.04.24"]
[SourceVersion "1"]
[SourceVersionDate "2024.04.24"]
[SourceQuality "1"]

1. e4 e6 2. d4 d5 3. Nc3 Bb4 4. e5 c5 5. a3 Bxc3+ 6. bxc3 Nc6 7. h4 Nge7 8. h5 h6 9. Nf3 Bd7 10. Bd3 Qa5 11. Bd2 c4 12. Be2 0-0-0 13. Qb1 f6 14. exf6 gxf6 15. Qb2 Qc7 16. Rb1 b6 17. Qb5 Rdg8 18. g3 e5 19. Qa6+ Kb8 20. Rh4 Ka8 21. dxe5 Nb8 22. exf6 Nxa6 23. fxe7 Bf5 24. Nd4 Be4 25. Rb5 Nc5 26. a4 Rxg3 27. Bf4 Rg1+ 28. Kd2 Qxe7 29. a5 Qxh4 0-1

[Event "Titled Tuesday intern op 16th Apr Early"]
[Site "Chess.com INT"]
[Date "2024.04.16"]
[Round "11"]
[White "Grot, Blazej"]
[Black "Sadovsky, Artem"]
[Result "1/2-1/2"]
[WhiteElo "2046"]
[BlackElo "2276"]
[PlyCount "61"]
[EventDate "2024.04.16"]
[EventType "swiss (blitz)"]
[EventRounds "11"]
[EventCountry "USA"]
[SourceTitle "CB17_2024"]
[SourceDate "2024.04.24"]
[SourceVersion "1"]
[SourceVersionDate "2024.04.24"]
[SourceQuality "1"]

1. e4 g6 2. d4 Bg7 3. Nc3 c6 4. Be3 d5 5. e5 h5 6. h3 Nh6 7. Nf3 Nf5 8. Bf4 b5 9. Ne2 a5 10. Ng3 Na6 11. Bd3 Nc7 12. Nxf5 Bxf5 13. Bxf5 gxf5 14. e6 Nxe6 15. Be5 f6 16. Bh2 Qd7 17. Qe2 Kf7 18. c3 Ng5 19. Nh4 e6 20. Bf4 a4 21. a3 Rae8 22. 0-0 Bf8 23. Bxg5 fxg5 24. Nf3 Bd6 25. Nxg5+ Kf6 26. h4 e5 27. dxe5+ Rxe5 28. Qf3 Qe7 29. Rad1 Kg6 30. Qg3 Re4 31. Qh3 1/2-1/2

[Event "Titled Tuesday intern op 16th Apr Early"]
[Site "Chess.com INT"]
[Date "2024.04.16"]
[Round "3"]
[White "Subervi Nunez, Jonathan Sigfredo"]
[Black "Grot, Blazej"]
[Result "0-1"]
[WhiteElo "2043"]
[BlackElo "2046"]
[PlyCount "94"]
[EventDate "2024.04.16"]
[EventType "swiss (blitz)"]
[EventRounds "11"]
[EventCountry "USA"]
[SourceTitle "CB17_2024"]
[SourceDate "2024.04.24"]
[SourceVersion "1"]
[SourceVersionDate "2024.04.24"]
[SourceQuality "1"]

1. e4 c5 2. Nf3 Nc6 3. Bb5 g6 4. Nc3 Bg7 5. 0-0 Nd4 6. Nxd4 cxd4 7. Ne2 e5 8. f4 a6 9. Ba4 Ne7 10. fxe5 0-0 11. Nxd4 Qb6 12. c3 Bxe5 13. Kh1 Bxd4 14. cxd4 Qxd4 15. d3 Qg7 16. Bb3 h6 17. Bd2 d5 18. exd5 Bf5 19. Bc3 Qh7 20. g4 Bd7 21. Rf6 Rad8 22. Qf3 Be8 23. Re1 Nc8 24. Re7 Nxe7 25. Qe4 Nc8 26. Qe5 Rd7 27. d6 Rxd6 28. Rxd6 Nxd6 29. Qxd6 Bc6+ 30. Kg1 h5 31. g5 h4 32. Kf2 Re8 33. Qf6 h3 34. Kg3 Rf8 35. Kf2 Qh4+ 36. Ke3 Qh7 37. Kd2 Bd7 38. Kc2 Be6 39. Bxe6 fxe6 40. Qxe6+ Qf7 41. Qe5 Kh7 42. Qd4 Qf2+ 43. Qxf2 Rxf2+ 44. Kb3 Rxh2 45. Bf6 Rg2 46. Be5 h2 47. Bxh2 Rxh2 0-1

[Event "Titled Tuesday intern op 02nd Apr Early"]
[Site "Chess.com INT"]
[Date "2024.04.02"]
[Round "1"]
[White "Badmatsyrenov, Oleg"]
[Black "Grot, Blazej"]
[Result "0-1"]
[WhiteElo "2410"]
[BlackElo "2046"]
[PlyCount "104"]
[EventDate "2024.04.02"]
[EventType "swiss (blitz)"]
[EventRounds "11"]
[EventCountry "USA"]
[SourceTitle "CB15_2024"]
[SourceDate "2024.04.10"]
[SourceVersion "1"]
[SourceVersionDate "2024.04.10"]
[SourceQuality "1"]

1. c4 e6 2. Nf3 Nf6 3. g3 d5 4. Bg2 c5 5. cxd5 exd5 6. d4 Nc6 7. Nc3 cxd4 8. Nxd4 Bc5 9. Nb3 Bb6 10. Na4 0-0 11. 0-0 d4 12. Bg5 Re8 13. Nxb6 axb6 14. Re1 h6 15. Bxf6 Qxf6 16. Bxc6 bxc6 17. Qxd4 Qd8 18. Qxd8 Rxd8 19. Rad1 Be6 20. Nc1 Rxd1 21. Rxd1 Bxa2 22. f3 Bc4 23. Kf2 h5 24. h4 g6 25. Ke3 Kg7 26. Rd6 Ra1 27. Kd2 Bb5 28. Rd7 Ba4 29. Rb7 Bb5 30. Rxb6 Ra4 31. e3 Rb4 32. b3 g5 33. Kc3 gxh4 34. Kxb4 h3 35. Nd3 Bxd3 36. Rxc6 Bf1 37. Rc5 Kg6 38. Rc1 Bg2 39. Rc4 h2 40. Rh4 h1Q 41. Rxh1 Bxh1 42. f4 Kf5 43. Kc5 Ke4 44. Kd6 Kxe3 45. f5 Kf3 46. Ke7 Kxg3 47. Kxf7 Bd5+ 48. Kg6 h4 49. b4 h3 50. f6 h2 51. f7 Bxf7+ 52. Kxf7 h1Q 0-1

[Event "Titled Tuesday intern op 02nd Apr Early"]
[Site "Chess.com INT"]
[Date "2024.04.02"]
[Round "8"]
[White "Moreira, Ronaldo Alonso"]
[Black "Grot, Blazej"]
[Result "0-1"]
[WhiteElo "2088"]
[BlackElo "2046"]
[PlyCount "94"]
[EventDate "2024.04.02"]
[EventType "swiss (blitz)"]
[EventRounds "11"]
[EventCountry "USA"]
[SourceTitle "CB15_2024"]
[SourceDate "2024.04.10"]
[SourceVersion "1"]
[SourceVersionDate "2024.04.10"]
[SourceQuality "1"]

1. d4 Nf6 2. c4 g6 3. Nc3 d5 4. Bf4 Bg7 5. e3 0-0 6. Rc1 c5 7. dxc5 Ne4 8. cxd5 Nxc3 9. bxc3 Qa5 10. Qd2 Nd7 11. c4 Qxc5 12. Nf3 Nf6 13. Bd3 Bg4 14. 0-0 Bxf3 15. gxf3 Rfd8 16. e4 Nh5 17. Be3 Qd6 18. c5 Qf6 19. Be2 Qh4 20. f4 Nf6 21. f3 Nh5 22. Kh1 Bh6 23. Rg1 Bxf4 24. Bxf4 Qxf4 25. Qxf4 Nxf4 26. Bb5 Rac8 27. Rc2 a6 28. Ba4 Nd3 29. Rd1 Nxc5 30. Rdc1 b6 31. Bc6 Rd6 32. Bb7 Rb8 33. Bc6 f6 34. Rb2 Nd3 35. Rcb1 Nxb2 36. Rxb2 b5 37. Kg2 Rb6 38. Rc2 Kg7 39. Kf2 b4 40. Ke3 a5 41. Kd4 b3 42. axb3 Rxb3 43. Rc3 Rxc3 44. Kxc3 Kh6 45. Kb3 Kg5 46. Ka4 Kf4 47. Kxa5 Kxf3 0-1

[Event "Titled Tuesday intern op 02nd Apr Early"]
[Site "Chess.com INT"]
[Date "2024.04.02"]
[Round "7"]
[White "Ram, Jwalanthi"]
[Black "Grot, Blazej"]
[Result "0-1"]
[WhiteElo "1816"]
[BlackElo "2046"]
[PlyCount "112"]
[EventDate "2024.04.02"]
[EventType "swiss (blitz)"]
[EventRounds "11"]
[EventCountry "USA"]
[SourceTitle "CB15_2024"]
[SourceDate "2024.04.10"]
[SourceVersion "1"]
[SourceVersionDate "2024.04.10"]
[SourceQuality "1"]

1. c4 e6 2. e4 c5 3. Nc3 Nc6 4. g3 g6 5. Bg2 Bg7 6. Nge2 Nge7 7. 0-0 d6 8. d3 a6 9. Be3 Nd4 10. Qd2 h5 11. h4 Nec6 12. Rad1 Rb8 13. a4 Qa5 14. f4 Bd7 15. Qe1 0-0 16. Kh2 b5 17. axb5 axb5 18. cxb5 Nxb5 19. f5 exf5 20. exf5 Ne5 21. f6 Ng4+ 22. Kh1 Nxf6 23. Rxf6 Bxf6 24. Nd5 Qxe1+ 25. Rxe1 Bxb2 26. Bh6 Bg7 27. Bxg7 Kxg7 28. Nef4 Rfe8 29. Rf1 Nd4 30. Nc7 Re3 31. Bd5 Rf8 32. Kh2 Ne6 33. Bxe6 fxe6 34. Ng2 Rxf1 35. Nxe3 Rf2+ 36. Kg1 Rd2 37. Ng2 Rxd3 38. Nf4 Rxg3+ 39. Kf2 Rg4 40. Nfxe6+ Bxe6 41. Nxe6+ Kf6 42. Ng5 Rxh4 43. Nf3 Rf4 44. Kg3 Rxf3+ 45. Kxf3 c4 46. Ke4 d5+ 47. Kxd5 c3 48. Kc4 c2 49. Kb3 c1Q 50. Ka2 h4 51. Kb3 h3 52. Ka4 h2 53. Kb3 h1Q 54. Ka2 Qa8+ 55. Kb3 Qb7+ 56. Ka4 Qa1# 0-1

[Event "Titled Tuesday intern op 02nd Apr Early"]
[Site "Chess.com INT"]
[Date "2024.04.02"]
[Round "4"]
[White "Rogov, Matfey"]
[Black "Grot, Blazej"]
[Result "1/2-1/2"]
[WhiteElo "2191"]
[BlackElo "2046"]
[PlyCount "142"]
[EventDate "2024.04.02"]
[EventType "swiss (blitz)"]
[EventRounds "11"]
[EventCountry "USA"]
[SourceTitle "CB15_2024"]
[SourceDate "2024.04.10"]
[SourceVersion "1"]
[SourceVersionDate "2024.04.10"]
[SourceQuality "1"]

1. e4 c5 2. a3 e6 3. b4 b6 4. bxc5 bxc5 5. Nc3 Nc6 6. Nf3 Qc7 7. Bc4 Nf6 8. Qe2 d6 9. Nb5 Qb8 10. d3 a6 11. Nc3 Be7 12. 0-0 0-0 13. Bf4 Nh5 14. Be3 Nf6 15. h3 Rd8 16. Bf4 Nd7 17. Rab1 Qc7 18. Bg5 Bxg5 19. Nxg5 Nd4 20. Qd1 Ne5 21. f4 Nxc4 22. dxc4 h6 23. Nf3 Nxf3+ 24. Qxf3 Bb7 25. f5 exf5 26. Qxf5 Re8 27. Nd5 Bxd5 28. Qxd5 Rab8 29. Rbd1 Rbd8 30. Rf5 Re7 31. e5 Red7 32. Rdf1 dxe5 33. Rxf7 Rxf7 34. Rxf7 Rxd5 35. Rxc7 Rd2 36. Rxc5 Rxc2 37. Kh2 e4 38. Kg3 Rc3+ 39. Kf4 e3 40. Kf3 Rxa3 41. Rc7 Rc3 42. g4 a5 43. h4 Kh7 44. h5 a4 45. Ke2 a3 46. c5 a2 47. Ra7 Rxc5 48. Rxa2 Rc4 49. Kf3 Rc3 50. Re2 Rb3 51. Kf4 Rb4+ 52. Kg3 Rb3 53. Kf3 Rc3 54. Rxe3 Rxe3+ 55. Kxe3 g6 56. Kf4 gxh5 57. gxh5 Kg7 58. Ke5 Kg8 59. Kf5 Kh8 60. Kf6 Kg8 61. Kg6 Kh8 62. Kf7 Kh7 63. Ke7 Kh8 64. Ke6 Kg8 65. Kf5 Kh8 66. Kf6 Kg8 67. Kg6 Kh8 68. Kxh6 Kg8 69. Kg6 Kh8 70. Kf7 Kh7 71. h6 Kxh6 1/2-1/2

[Event "Titled Tuesday intern op 12th Mar Late"]
[Site "Chess.com INT"]
[Date "2024.03.12"]
[Round "1"]
[White "Czopor, Maciej"]
[Black "Grot, Blazej"]
[Result "0-1"]
[WhiteElo "2359"]
[BlackElo "2102"]
[PlyCount "128"]
[EventDate "2024.03.12"]
[EventType "swiss (blitz)"]
[EventRounds "11"]
[EventCountry "USA"]
[SourceTitle "CB12_2024"]
[SourceDate "2023.10.01"]
[SourceVersion "1"]
[SourceVersionDate "2023.10.01"]
[SourceQuality "1"]

1. c4 g6 2. Nc3 Bg7 3. h4 Nf6 4. e4 e5 5. Be2 h5 6. Nh3 Nc6 7. Ng5 d6 8. d3 Bg4 9. Be3 Bxe2 10. Qxe2 Ng4 11. Nd5 Bf6 12. 0-0-0 Nd4 13. Bxd4 exd4 14. Nf3 c6 15. Nxf6+ Qxf6 16. Rdf1 0-0-0 17. Ne1 Rhe8 18. Nc2 c5 19. Kb1 Rd7 20. Qd2 Kb8 21. b4 Ne5 22. f4 Nc6 23. b5 Nd8 24. Ne1 Ne6 25. g3 Qg7 26. Nf3 f5 27. Re1 Nc7 28. e5 d5 29. Rc1 dxc4 30. dxc4 Ne6 31. a4 Qe7 32. Rhd1 Qd8 33. Ne1 b6 34. Nd3 Ree7 35. Kb2 a5 36. bxa6 Ra7 37. a5 Rxa6 38. Ra1 Rea7 39. Ra3 Rxa5 40. Rda1 Rxa3 41. Rxa3 Rxa3 42. Kxa3 Qc7 43. Qb2 Qa7+ 44. Kb3 Kc7 45. Kc2 Qa4+ 46. Qb3 Qxb3+ 47. Kxb3 Kc6 48. Ka4 Kb7 49. Kb5 Nc7+ 50. Ka4 Kc6 51. Kb3 Ne6 52. Ka4 Nc7 53. Ne1 b5+ 54. Kb3 bxc4+ 55. Kxc4 Nd5 56. Nf3 Ne3+ 57. Kd3 Kd5 58. Ng5 c4+ 59. Kd2 Nf1+ 60. Ke1 Nxg3 61. e6 Kd6 62. Kf2 Ne4+ 63. Nxe4+ fxe4 64. Kg3 Kxe6 0-1

[Event "Titled Tuesday intern op 12th Mar Late"]
[Site "Chess.com INT"]
[Date "2024.03.12"]
[Round "3"]
[White "Grot, Blazej"]
[Black "Dobrikov, Marco"]
[Result "1/2-1/2"]
[WhiteElo "2102"]
[BlackElo "2362"]
[PlyCount "80"]
[EventDate "2024.03.12"]
[EventType "swiss (blitz)"]
[EventRounds "11"]
[EventCountry "USA"]
[SourceTitle "CB12_2024"]
[SourceDate "2023.10.01"]
[SourceVersion "1"]
[SourceVersionDate "2023.10.01"]
[SourceQuality "1"]

1. e4 g6 2. d4 Bg7 3. Be3 c6 4. c4 d5 5. cxd5 cxd5 6. e5 Nc6 7. Nc3 h5 8. Nf3 Bg4 9. Be2 e6 10. Nd2 Bxe2 11. Qxe2 Qb6 12. Qd3 Nge7 13. 0-0 0-0 14. Na4 Qa5 15. Nc5 Rfc8 16. Nxb7 Qb6 17. Nc5 Nf5 18. Nf3 Bf8 19. Nd7 Qb7 20. Nf6+ Kh8 21. Bg5 Qxb2 22. Rab1 Qxa2 23. Rb7 Nce7 24. Nd7 Bg7 25. Bf6 Qc2 26. Qxc2 Rxc2 27. Ng5 Kg8 28. Bxe7 Nxe7 29. Nf6+ Bxf6 30. exf6 Nf5 31. Rxf7 a5 32. h3 h4 33. g4 hxg3 34. fxg3 Rf8 35. Rxf8+ Kxf8 36. g4 Nxd4 37. Nh7+ Kf7 38. Ng5+ Kf8 39. Nh7+ Kf7 40. Ng5+ Kf8 1/2-1/2

[Event "Titled Tuesday intern op 13th Feb Early"]
[Site "Chess.com INT"]
[Date "2024.02.13"]
[Round "4"]
[White "Grot, Blazej"]
[Black "Eilers, Stefan"]
[Result "1-0"]
[WhiteElo "2102"]
[BlackElo "2275"]
[PlyCount "91"]
[EventDate "2024.02.13"]
[EventType "swiss (blitz)"]
[EventRounds "11"]
[EventCountry "USA"]
[SourceTitle "CB08_2024"]
[SourceDate "2024.02.21"]
[SourceVersion "1"]
[SourceVersionDate "2024.02.21"]
[SourceQuality "1"]

1. c4 b6 2. e4 Bb7 3. Nc3 e6 4. Nf3 Bb4 5. Qc2 Nc6 6. d3 e5 7. a3 Bc5 8. b4 Nd4 9. Nxd4 Bxd4 10. Bb2 Nf6 11. Ne2 c5 12. Bxd4 cxd4 13. Ng3 0-0 14. Be2 Rc8 15. Qd2 h6 16. b5 d6 17. a4 Nd7 18. a5 Ra8 19. a6 Bc8 20. h4 Nc5 21. Rb1 Na4 22. Bf3 Nc3 23. Rc1 Be6 24. Nh5 Kh7 25. g4 g6 26. Ng3 Rc8 27. g5 h5 28. Bxh5 gxh5 29. Nxh5 Rh8 30. Nf6+ Kg7 31. f4 Rc5 32. f5 Bc8 33. h5 Kf8 34. h6 d5 35. cxd5 Rxb5 36. Qh2 Qe7 37. g6 Qxf6 38. g7+ Ke7 39. Qh4 Rg8 40. Qxf6+ Kxf6 41. h7 Kxg7 42. f6+ Kh8 43. hxg8Q+ Kxg8 44. Kf2 Rb2+ 45. Kf3 Ne2 46. Rxc8# 1-0

[Event "Titled Tuesday intern op 13th Feb Early"]
[Site "Chess.com INT"]
[Date "2024.02.13"]
[Round "5"]
[White "Kislinsky, Alexey"]
[Black "Grot, Blazej"]
[Result "0-1"]
[WhiteElo "2361"]
[BlackElo "2102"]
[PlyCount "142"]
[EventDate "2024.02.13"]
[EventType "swiss (blitz)"]
[EventRounds "11"]
[EventCountry "USA"]
[SourceTitle "CB08_2024"]
[SourceDate "2024.02.21"]
[SourceVersion "1"]
[SourceVersionDate "2024.02.21"]
[SourceQuality "1"]

1. e4 c5 2. Nf3 e6 3. c3 Nf6 4. e5 Nd5 5. d4 cxd4 6. cxd4 Nc6 7. Bd3 d6 8. 0-0 Be7 9. Qe2 0-0 10. Rd1 Bd7 11. a3 Rc8 12. Qe4 f5 13. exf6 Nxf6 14. Qe2 d5 15. Nc3 Bd6 16. Bg5 h6 17. Bh4 Qb6 18. Bg3 Bxg3 19. hxg3 Rce8 20. b4 a6 21. Bc2 Qc7 22. Qd3 e5 23. dxe5 Nxe5 24. Nxe5 Rxe5 25. Rac1 Qb6 26. Qd4 Qxd4 27. Rxd4 Rc8 28. Bb3 Be6 29. Rdd1 Ng4 30. Na4 Rxc1 31. Rxc1 d4 32. Bxe6+ Rxe6 33. Rd1 d3 34. Nc5 Re2 35. Nxd3 Ra2 36. Nc5 Nxf2 37. Rf1 Ng4 38. Nxb7 Rxa3 39. Nc5 Rxg3 40. Nxa6 Rb3 41. Re1 Rb2 42. Rc1 Ne3 43. g3 Nf5 44. g4 Ne3 45. Re1 Nxg4 46. Re4 Nf6 47. Rc4 Nd5 48. Rc8+ Kh7 49. Rc5 Nxb4 50. Rb5 Nd3 51. Rd5 Rb1+ 52. Kh2 Nf4 53. Rf5 Ne6 54. Rf3 Ng5 55. Re3 Rb2+ 56. Kg1 h5 57. Rd3 h4 58. Nc5 h3 59. Kh1 Kh6 60. Nd7 Kh5 61. Ne5 Kh4 62. Ng6+ Kg4 63. Ne5+ Kf4 64. Ng6+ Ke4 65. Rg3 Nf3 66. Rxh3 Rb1+ 67. Kg2 Rg1+ 68. Kf2 Rxg6 69. Rxf3 Rf6 70. Rxf6 gxf6 71. Kf1 Kf3 0-1

[Event "Titled Tuesday intern op 13th Feb Early"]
[Site "Chess.com INT"]
[Date "2024.02.13"]
[Round "1"]
[White "Leiva Rodriguez, Jeammarco Giuseppe"]
[Black "Grot, Blazej"]
[Result "1-0"]
[WhiteElo "2398"]
[BlackElo "2102"]
[PlyCount "177"]
[EventDate "2024.02.13"]
[EventType "swiss (blitz)"]
[EventRounds "11"]
[EventCountry "USA"]
[SourceTitle "CB08_2024"]
[SourceDate "2024.02.21"]
[SourceVersion "1"]
[SourceVersionDate "2024.02.21"]
[SourceQuality "1"]

1. e4 c5 2. Nf3 e6 3. d4 cxd4 4. Nxd4 Nc6 5. Nc3 Nf6 6. Bf4 Bb4 7. Ndb5 0-0 8. a3 Ba5 9. Bd6 Re8 10. f3 a6 11. Nd4 Qb6 12. Nxc6 dxc6 13. b4 Qe3+ 14. Ne2 Bb6 15. Qd3 Qf2+ 16. Kd2 Rd8 17. c4 Ne8 18. c5 a5 19. Qe3 Qxe3+ 20. Kxe3 Nxd6 21. Nd4 e5 22. Nc2 Ba7 23. Rd1 Nf5+ 24. Ke2 Rxd1 25. Kxd1 Ne7 26. Bc4 axb4 27. axb4 Be6 28. Bxe6 fxe6 29. Kc1 b6 30. cxb6 Bxb6 31. Kb2 Bd4+ 32. Kb3 Kf7 33. Kc4 Bb6 34. Kb3 c5 35. b5 Ra5 36. Na3 Nc8 37. Rd1 Ke7 38. h4 Nd6 39. h5 c4+ 40. Kb4 Rxa3 41. Kxa3 Nxb5+ 42. Kb4 Nd6 43. Ra1 Bd4 44. Ra8 c3 45. Kb3 Kf7 46. Rd8 Nb5 47. Rd7+ Kf6 48. g3 Na7 49. h6 gxh6 50. Rxh7 Nc6 51. Rxh6+ Ke7 52. Rh8 Na5+ 53. Kb4 c2 54. Rc8 Nb7 55. Rxc2 Nd6 56. Kb3 Kf6 57. Rh2 Nf7 58. Kc2 Ng5 59. Rh1 Kg6 60. Rf1 Nf7 61. Kd3 Ng5 62. Ke2 Nf7 63. Rb1 Ng5 64. Rb7 Kf6 65. Rb8 Nf7 66. Rg8 Ke7 67. Rg6 Nd6 68. Kd3 Nf7 69. f4 Ba1 70. f5 Bd4 71. Rxe6+ Kf8 72. Rg6 Ke7 73. g4 Bf2 74. Re6+ Kf8 75. Ke2 Bh4 76. Kd3 Kg7 77. Rg6+ Kf8 78. Ra6 Kg7 79. Kc4 Bf6 80. Kd5 Bg5 81. Rg6+ Kf8 82. Re6 Kg7 83. Ra6 Bf6 84. Ra7 Kf8 85. Ke6 Bg5 86. Rxf7+ Kg8 87. Rd7 Bf4 88. Kf6 Kf8 89. Rd8# 1-0

[Event "Titled Tuesday intern op 06th Feb Early"]
[Site "Chess.com INT"]
[Date "2024.02.06"]
[Round "2"]
[White "Grot, Blazej"]
[Black "Piesik, Piotr"]
[Result "0-1"]
[WhiteElo "2102"]
[BlackElo "2426"]
[PlyCount "92"]
[EventDate "2024.02.06"]
[EventType "swiss (blitz)"]
[EventRounds "11"]
[EventCountry "USA"]
[SourceTitle "CB07_2024"]
[SourceDate "2024.02.14"]
[SourceVersion "1"]
[SourceVersionDate "2024.02.14"]
[SourceQuality "1"]

1. e4 g6 2. d4 Bg7 3. Be3 c6 4. c3 d6 5. Qd2 Nd7 6. Nf3 e5 7. Be2 Ngf6 8. Qc2 0-0 9. 0-0 Re8 10. Nbd2 Qc7 11. Rad1 Ng4 12. Bg5 h6 13. Bh4 b5 14. h3 Ngf6 15. dxe5 dxe5 16. Bg3 Nh5 17. Bh2 Nf4 18. Bxf4 exf4 19. Rfe1 a5 20. a4 Rb8 21. Bf1 Nc5 22. axb5 cxb5 23. b4 Na4 24. bxa5 Qxa5 25. c4 b4 26. Nb3 Qc7 27. Nfd4 Nc3 28. Rd2 Bb7 29. Nb5 Qe5 30. Nd6 Re7 31. Nxb7 Rbxb7 32. Bd3 f3 33. g3 Qh5 34. Bf1 Rbd7 35. c5 Rc7 36. Rd8+ Kh7 37. Qd3 Ra7 38. Nd2 Ra2 39. Nxf3 Qxc5 40. Re3 Nxe4 41. Be2 Nc3 42. Bf1 Rxe3 43. fxe3 Qc7 44. Bg2 Qxg3 45. Nd2 Qe1+ 46. Kh2 Ne2 0-1

[Event "Titled Tuesday intern op 06th Feb Early"]
[Site "Chess.com INT"]
[Date "2024.02.06"]
[Round "1"]
[White "Ovetchkin, Roman"]
[Black "Grot, Blazej"]
[Result "0-1"]
[WhiteElo "2518"]
[BlackElo "2102"]
[PlyCount "54"]
[EventDate "2024.02.06"]
[EventType "swiss (blitz)"]
[EventRounds "11"]
[EventCountry "USA"]
[SourceTitle "CB07_2024"]
[SourceDate "2024.02.14"]
[SourceVersion "1"]
[SourceVersionDate "2024.02.14"]
[SourceQuality "1"]

1. d4 Nf6 2. c4 g6 3. Nc3 Bg7 4. e4 d6 5. Be2 Nc6 6. Nf3 e5 7. d5 Ne7 8. h3 0-0 9. g4 a5 10. Rg1 Nd7 11. h4 Nc5 12. h5 Bd7 13. Be3 b6 14. Rg3 Qc8 15. Nd2 Bf6 16. Kf1 Bh4 17. Rh3 Bf6 18. Kg2 Bg7 19. Rg3 Kh8 20. h6 Bf6 21. g5 Ng8 22. gxf6 Nxf6 23. Qh1 Ne8 24. Qh4 f5 25. f4 exf4 26. Bd4+ Kg8 27. Rxg6+ hxg6 0-1

[Event "Titled Tuesday intern op 23rd Jan Late"]
[Site "Chess.com INT"]
[Date "2024.01.23"]
[Round "3"]
[White "Ankerst, Mihael"]
[Black "Grot, Blazej"]
[Result "1-0"]
[WhiteElo "2377"]
[BlackElo "2102"]
[PlyCount "137"]
[EventDate "2024.01.23"]
[EventType "swiss (blitz)"]
[EventRounds "11"]
[EventCountry "USA"]
[SourceTitle "CB05_2024"]
[SourceDate "2024.01.31"]
[SourceVersion "1"]
[SourceVersionDate "2024.01.31"]
[SourceQuality "1"]

1. e4 c5 2. Nf3 e6 3. d4 cxd4 4. Nxd4 Nc6 5. Nxc6 bxc6 6. Nd2 d5 7. Bd3 Nf6 8. 0-0 Be7 9. c4 Bb7 10. Qc2 h6 11. b3 0-0 12. Re1 e5 13. exd5 cxd5 14. Rxe5 Bd6 15. Re1 Bxh2+ 16. Kxh2 Ng4+ 17. Kg1 Qf6 18. Nf3 dxc4 19. Bxc4 Qxa1 20. Bb2 Qxa2 21. Ra1 Qxa1+ 22. Bxa1 Rad8 23. Kf1 Rfe8 24. Bc3 Be4 25. Qc1 Bd3+ 26. Bxd3 Rxd3 27. Qc2 Red8 28. Ke2 R3d5 29. Qe4 f5 30. Qe7 R8d7 31. Qe6+ Kh7 32. g3 R7d6 33. Qf7 Rd7 34. Qf8 Rc7 35. Bd4 Rc2+ 36. Kf1 Rc1+ 37. Kg2 Rc7 38. Qb8 Rcd7 39. Bxa7 Rd3 40. b4 Rb3 41. Bc5 Rb2 42. Qf8 Kg6 43. Qe8+ Rf7 44. Qe6+ Rf6 45. Qe8+ Kh7 46. Nh4 f4 47. Qe4+ Kg8 48. gxf4 h5 49. f5 Nh6 50. Ng6 Nxf5 51. Qe8+ Kh7 52. Nf8+ Kh6 53. Nd7 Rg6+ 54. Kf3 Rb3+ 55. Ke4 Nd6+ 56. Bxd6 Rxd6 57. Ne5 Rxb4+ 58. Kf3 Rf6+ 59. Kg2 Rg4+ 60. Kh1 Rh4+ 61. Kg1 Rhf4 62. Kf1 Rxf2+ 63. Ke1 Rf1+ 64. Ke2 R6f2+ 65. Ke3 Rf6 66. Qh8+ Kg5 67. Qd8 Re1+ 68. Kd4 Rd1+ 69. Nd3 1-0

[Event "Titled Tuesday intern op 16th Jan Early"]
[Site "Chess.com INT"]
[Date "2024.01.16"]
[Round "2"]
[White "Baches Garcia, Guillermo"]
[Black "Grot, Blazej"]
[Result "1-0"]
[WhiteElo "2327"]
[BlackElo "2102"]
[PlyCount "141"]
[EventDate "2024.01.16"]
[EventType "swiss (blitz)"]
[EventRounds "11"]
[EventCountry "USA"]
[SourceTitle "CB04_2024"]
[SourceDate "2023.10.16"]
[SourceVersion "1"]
[SourceVersionDate "2023.10.16"]
[SourceQuality "1"]

1. d4 Nf6 2. Nf3 e6 3. Bg5 d5 4. Nbd2 Be7 5. e3 0-0 6. Bd3 h6 7. Bh4 c5 8. c3 Nc6 9. Ne5 Nxe5 10. dxe5 Nd7 11. Bxe7 Qxe7 12. f4 f6 13. exf6 Nxf6 14. Nf3 Nd7 15. Bb5 Nf6 16. Ne5 a6 17. Bd3 Qe8 18. 0-0 Nd7 19. Bg6 Qe7 20. Nf3 Rf6 21. Bc2 b6 22. Qd3 Nf8 23. Ne5 a5 24. Rf3 Ba6 25. Qd2 Nd7 26. Ng4 Rff8 27. Rg3 Kh8 28. Rh3 Kg8 29. Re1 Rad8 30. Qf2 e5 31. Qg3 Rf6 32. Nxf6+ Qxf6 33. Qg6 Qxg6 34. Bxg6 e4 35. Rd1 Nf6 36. Rd2 Kf8 37. Rg3 a4 38. a3 Bc4 39. Bf5 Kf7 40. Bg6+ Kf8 41. Kf2 b5 42. Bf5 Kf7 43. Bg6+ Kf8 44. Rh3 Rb8 45. Rh4 b4 46. axb4 cxb4 47. cxb4 Rxb4 48. g4 Rb3 49. g5 hxg5 50. fxg5 Nd7 51. Bxe4 dxe4 52. Rxd7 Rxb2+ 53. Kg3 Re2 54. Rh8+ Bg8 55. Rd8+ Kf7 56. Rhxg8 Rxe3+ 57. Kf4 Rb3 58. Rgf8+ Kg6 59. Rfe8 a3 60. Ra8 Rf3+ 61. Kxe4 Rb3 62. Kf4 Rb4+ 63. Re4 Rb3 64. Ra6+ Kh5 65. g6 Kh4 66. Kf5+ Kh3 67. Re7 Kxh2 68. Rxg7 Kg3 69. Rga7 Kh4 70. Ra4+ Kh5 71. Rh7# 1-0